1407 1816 1287 1786 1958 1560 1228 1679 1085 1235 1541 1944 1024 1540 1424 1565 1443 1048 1962 2000 1202 1909 1531 1270 1608 1642 1917 1642 1117 1741 1057 1373 1687 1231 1255 1566 1791 1889 1062 1938 1664 1818 1164 1521 1642 1824 1568 1199 1618 1903 1662 1330 1943 1774 1377 1675 1290 1621 1953 1736 1403 1293 1757 1225 1924 1246 1596 1037 1795 1544 1522 1213 1711 1266 1977 1257 1562 1351 1043 1692 1704 1553 1514 1839 1401 1482 1601 1735 1530 1975 1002 1886 1783 1883 1813 1794 1512 1816 1938 BCNSPRNW ULIB Ver.6.0+V

เปลี่ยนเป็นภาษาไทย

Change to English
 แสดงรายละเอียดบรรณานุกรม
  กลับหน้าหลัก

Brief Record : Get Marc (ISO 2709) : E-mail record : QR code < ปิดหน้าต่าง
LEADER : 00000nam 2200000uu 4500
001    13399127828
003     ULIB
008    210930s2564||||th 000 0 tha d
020    ^a9786165658362^c350
060  4 ^aWT120^bป622ก
100 0  ^aปิยากร หวังมหาพร
245 10 ^aการจัดบริการสาธารณะแบบร่วมผลิต :^bกรณีการดูแลผู้สูงอายุผ่านอาสาสมัคร = Public service management through co-production : a case of caring for the elderly by voluntary workers /^cปิยากร หวังมหาพร
246 31 ^aPublic service management through co-production : a case of caring for the elderly by voluntary workers
260    ^aกรุงเทพฯ :^bโอ. เอส. พริ้นติ้ง เฮ้าส์,^c2564
300    ^a412 หน้า :^bภาพประกอบ
650  4 ^aผู้สูงอายุ^xการดูแล
650  4 ^aผู้สูงอายุ^xบริการทางการแพทย์
650  4 ^aอาสาสมัครในงานบริการอนามัยชุมชน
650  4 ^aผู้สูงอายุอาสาสมัคร
650  4 ^aบริการสาธารณะ
945    ^p350^l0^i008329
945    ^p350^l0^i008330
945    ^p350^l0^i008331
945    ^p350^l0^i008332
945    ^p350^l0^i008333
999    ^aประนอม เกษจรัล
รายการนี้ยังไม่มีแท็ก
คุณยังไม่ได้ล็อกอิน คุณสามารถมีกิจกรรมร่วมกับเว็บไซต์ได้ แต่ต้องล็อกอินก่อน ::
  ล็อกอิน

รายการสื่อสารสนเทศ

ลำดับที่ ประเภท เลขเรียก/บาร์โค้ด สถานที่ สถานะ
1. วิทยาศาสตร์การแพทย์ และสุขภาพ
หนังสือสำรอง
สถานะ=หนังสือสำรอง
WT120 ป622ก ฉ.1 
  Barcode: 008329
ห้องสมุดวิทยาเขตสวรรค์ประชารักษ์
►หนังสือทั่วไป
บนชั้น
2. วิทยาศาสตร์การแพทย์ และสุขภาพ
วิทยาศาสตร์การแพทย์ และสุขภาพ
WT120 ป622ก ฉ.2 
  Barcode: 008330
ห้องสมุดวิทยาเขตสวรรค์ประชารักษ์
►หนังสือทั่วไป
บนชั้น
3. วิทยาศาสตร์การแพทย์ และสุขภาพ
วิทยาศาสตร์การแพทย์ และสุขภาพ
WT120 ป622ก ฉ.3 
  Barcode: 008331
ห้องสมุดวิทยาเขตสวรรค์ประชารักษ์
►หนังสือทั่วไป
บนชั้น
4. วิทยาศาสตร์การแพทย์ และสุขภาพ
วิทยาศาสตร์การแพทย์ และสุขภาพ
WT120 ป622ก ฉ.4 
  Barcode: 008332
ห้องสมุดวิทยาเขตสวรรค์ประชารักษ์
►หนังสือทั่วไป
บนชั้น
5. วิทยาศาสตร์การแพทย์ และสุขภาพ
วิทยาศาสตร์การแพทย์ และสุขภาพ
WT120 ป622ก ฉ.5 
  Barcode: 008333
ห้องสมุดวิทยาเขตสวรรค์ประชารักษ์
►หนังสือทั่วไป
บนชั้น

รายการใกล้เคียง
    ผู้แต่ง [ปิยากร หวังมหาพร]

    หัวเรื่อง [ผู้สูงอายุ การดูแล]
    หัวเรื่อง [อาสาสมัครในงานบริการอนามัยชุมชน]
    หัวเรื่อง [ผู้สูงอายุอาสาสมัคร]
    หัวเรื่อง [บริการสาธารณะ]

BibComment


ยังไม่เคยถูกคอมเมนท์

คอมเมนท์ทรัพยากรรายการนี้
  คอมเมนท์: การจัดบริการสาธา..


 Copyright 2026. Bcnsprnw @Library